Normal view
MARC view
- Anderson E.P. & Miller R
Entry Personal Name
001 - CONTROL NUMBER
- control field: 184782
003 - CONTROL NUMBER IDENTIFIER
- control field: OSt
005 - DATE AND TIME OF LATEST TRANSACTION
- control field: 20230612102547.0
008 - FIXED-LENGTH DATA ELEMENTS
- fixed length control field: 230612|| aca||aabn | a|a d
040 ## - CATALOGING SOURCE
- Original cataloging agency: OSt
- Transcribing agency: OSt
100 ## - HEADING--PERSONAL NAME
- Personal name: Anderson E.P. & Miller R
670 ## - SOURCE DATA FOUND
- Source citation: Work cat.: (OSt)163495: Anderson E.P. 125462, Audels Electrical Motor Guied, 1962